000 01419nam a2200241 4500
999 _c56851
_d56851
003 Ge_BSU
005 20190516171416.0
008 190516s1962 ge ||||| |||| 00| 0 geo d
041 _ageo
080 _a628.1 დ-43
100 _aდიასამიძე, ლ.
_9760
245 _aწყალმომარაგება I ნაწ. :
_b ქსელი და მისი ნაგებობანი /
_cლ. დიასამიძე, ქ. ქუთათელაძე, ი. გეგელაშვილი; რედ. ა. ზედგინიძე
264 _aთბილისი :
_bვ.ი.ლენინის სახელობის საქართველოს პოლიტექნიკური ინსტიტუტის გამომცემლობა,
_c1962
300 _a352 გვ. :
_bნახაზები, ცხრილები ;
_c22 სმ.
504 _aბიბლიოგრ. : გვ. 346 - 347.
653 _aწყალმომარაგება
653 _aწყლის გაწმენდა
653 _aწყლის მოხმარება
700 _aქუთათელაძე, ქ .
_eავტორი
_9761
700 _aგეგელაშვილი, ი.
_eავტორი
_9762
700 _aზედგინიძე, ა.
_eრედაქტორი
_91259
942 _2udc
_cBK